000 00307nam a2200133Ia 4500
005 20260328101444.0
008 260328s9999||||xx |||||||||||||| ||und||
100 _aRussell, John
245 0 _aHenry Moore /
_cJohn Russell
260 _bPelican Books
300 _a274 p.
650 _aESCULTURA
942 _cBK
999 _c8393
_d8393